UK Cabinet 2017 - Statistics

General Stats
  • This quiz has been taken 17 times
  • The average score is 15 of 28
Answer Stats
Post Minister % Correct
Secretary of State for Foreign and Commonwealth Affairs Boris Johnson
100%
Prime Minister Theresa May
100%
Secretary of State for the Home Department Amber Rudd
93%
Chancellor of the Exchequer Philip Hammond
93%
Secretary of State for Health Jeremy Hunt
86%
Secretary of State for Transport Chris Grayling
79%
Secretary of State for Exiting the European Union David Davis
79%
Secretary of State for Environment, Food and Rural Affairs Michael Gove
79%
First Secretary of State Damian Green
71%
Secretary of State for Defence Michael Fallon
64%
Chief Secretary to the Treasury Elizabeth Truss
57%
Secretary of State for Business, Energy and Industrial Strategy Greg Clark
57%
Secretary of State for Education Justine Greening
57%
Secretary of State for International Trade Liam Fox
57%
Secretary of State for International Development Priti Patel
50%
Secretary of State for Communities and Local Government Sajid Javid
50%
Leader of the House of Commons Andrea Leadsom
43%
Secretary of State for Wales Alun Cairns
36%
Chief Whip Gavin Williamson
36%
Secretary of State for Northern Ireland James Brokenshire
36%
Leader of the House of Lords Baroness Evans of Bowes Park
29%
Secretary of State for Work and Pensions David Gauke
29%
Secretary of State for Scotland David Mundell
29%
Secretary of State for Culture, Media and Sport Karen Bradley
29%
Secretary of State for Justice David Lidington
21%
Attorney General Jeremy Wright
14%
Minister of State Brandon Lewis
7%
Chancellor of the Duchy of Lancaster Patrick McLoughlin
0%
No matching quizzes found
Score Distribution
Percent of People with Each Score
Percentile by Number Answered
Your Score History
You have not taken this quiz